| 000 | 01031nam a2200193 a 4500 | ||
|---|---|---|---|
| 008 | 100226s1989 ||||||||||||||||| || u | ||
| 050 | _aUN-ECA(02) | ||
| 110 | _aUnited Nations Economic Commission For Africa(UNECA) | ||
| 245 | 1 | 0 |
_aSouth African destabilization : the economic cost of frontline resistance to apartheid. _cby United Nations Economic Commisssion for Africa (UN-ECA) |
| 260 |
_aNew York : _bUNITED NATIONS _c1989 |
||
| 300 | _a9p. : ill. | ||
| 350 | _a0.00 | ||
| 500 | _aPRESS SUMMARY EMBARGO | ||
| 650 | _aAPARTHEID--ECONOMIC ASPECTS--AFRICA, SOUTHERN | ||
| 650 | _aAFRICA, SOUTHERN--ECONOMIC CONDITIONS | ||
| 650 | _aAFRICA, SOUTHERN--FOREIGN RELATIONS--SOUTH AFRICA | ||
| 995 |
_aSPECIAL COLLECTIONS _D0.00 _e03005977 _FCBU-MAIN LIBRARY (Kitwe) _H1 _I0.00 _jUN-ECA(02)1989/ 5A _M1 _UAVAILABLE _WFeb 26, 2010 _y03005977 _ZInternational Publications |
||
| 995 |
_aSPECIAL COLLECTIONS _D0.00 _e03007509 _FCBU-MAIN LIBRARY (Kitwe) _H1 _I0.00 _jUN-ECA(02)1989/ 5B _M2 _UAVAILABLE _WJan 26, 2011 _y03007509 _ZInternational Publications |
||
| 999 |
_c76677 _d76677 |
||